| 000 | 00658nam a2200205 i 4500 | ||
|---|---|---|---|
| 001 | bgj | ||
| 100 | 1 | _aOXENDEN, Clive | |
| 245 | 1 | 0 |
_aEnglish File : _bstudent's book / _cClive Oxenden, Paul Seligson, Christina Latham-Koenig. |
| 260 |
_aOxford : _bOxford University Press, _c1997. |
||
| 300 |
_a144 pp : _bill., photos ; _c28 cm. |
||
| 650 | 9 |
_aEnglish language _xTextbooks for foreigners |(pre-intermediate) |
|
| 700 | 1 |
_aSELIGSON, Paul. _eco-author |
|
| 700 | 1 |
_aLATHAM-KOENIG, Christina. _eco-author |
|
| 020 | _a0194355225 | ||
| 040 | _cBPK | ||
| 041 | 0 | _aeng | |
| 920 | _a0-19-435522-5 | ||
| 942 | _cKS | ||
| 008 | s uk f |000 0 eng | ||
| 999 |
_c48493 _d48493 |
||